Future Tourism Trends Tourism in the Changing World
Gespeichert in:
| Weitere Verfasser: | , , |
|---|---|
| Format: | Buch |
| Sprache: | Englisch |
| Veröffentlicht: |
Leeds
Emerald Publishing
2024
|
| Ausgabe: | 1st Edition |
| Schlagworte: | |
| Tags: |
Keine Tags, Fügen Sie das erste Tag hinzu!
|
MARC
| LEADER | 00000nam a2200000 4500 | ||
|---|---|---|---|
| 001 | 0311343 | ||
| 005 | 20250812110552.7 | ||
| 020 | |a 978-1-83753-244-5 | ||
| 041 | 0 | |a eng | |
| 044 | |a GB | ||
| 245 | 1 | 0 | |a Future Tourism Trends |b Tourism in the Changing World |c Edited by Canan Tanrisever, Hüseyin Pamukçu and Anukrati Sharma |
| 250 | |a 1st Edition | ||
| 264 | 1 | |a Leeds |b Emerald Publishing |c 2024 | |
| 300 | |a 316 s. | ||
| 500 | |a Emerald e-books. | ||
| 610 | 2 | 0 | |a ruch cestovný |
| 610 | 2 | 0 | |a politika regionálna |
| 610 | 2 | 0 | |a politika ruchu cestovného |
| 610 | 2 | 0 | |a úroveň životná |
| 610 | 2 | 0 | |a kvalita života |
| 610 | 2 | 0 | |a čas voľný |
| 610 | 2 | 0 | |a zmeny klimatické |
| 610 | 2 | 0 | |a ruch cestovný udržateľný |
| 610 | 2 | 0 | |a koronakríza |
| 700 | 1 | |a Tanrisever, Canan | |
| 700 | 1 | |a Pamukçu, Hüseyin | |
| 700 | 1 | |a Sharma, Anukrati | |